Älteste Hauptstädte - Statistiken

Allgemein
  • Dieses Quiz wurde 579 mal gespielt
  • Das Durchschnittsergebnis liegt bei 8 aus 18
Antwortstatistiken
Jahr Hauptstadt % Korrekt
753 v. Chr Rom
97%
Vor 1300 v. Chr Athen
88%
1045 v. Chr Peking
79%
1. Jh. v. Chr Paris
77%
Vor1300 v. Chr Jerusalem
72%
Vor 1000 v. Chr Ankara
59%
Vor 1300 v. Chr Damaskus
55%
Vor 100 v. Chr Lissabon
46%
Vor 1300 v. Chr Beirut
44%
1. Jh. v. Chr oder vorher Sofia
34%
18 v. Chr Seoul
31%
1. Jh. v. Chr Budapest
30%
600 v. Chr Tripolis
28%
Vor 279 v. Chr Belgrad
27%
257 v. Chr Hanoi
21%
782 v. Chr Jerewan
20%
194 v. Chr Pjöngjang
13%
1050 v. Chr Nikosia
5%
Keine übereinstimmenden Quizze gefunden
Verteilung der Resultate
Anzahl Personen mit jedem Resultat
Perzentil nach korrekt beantworteten Fragen
Ihre Resultats-Entwicklung
Sie haben dieses Quiz noch nicht gespielt